Servidumbre humana

Saved in:
Bibliografiske detaljer
Hovedforfatter: Maugham, William Somerset (autor)
Format: Bog
Sprog:engelsk
Udgivet: Madrid Rodas 1972
Udgivelse:7a. ed
Serier:Narrativa Europea
Fag:
Tags: Tilføj Tag
Ingen Tags, Vær først til at tagge denne postø!

MARC

LEADER 00000cam a2200000 a 4500
001 UCQ4329
003 CL-VaPUC
008 980904e19720000SP |||||||||||||||||eng|d
082 0 4 |a 823  |b MAU  |2 21 
100 |a Maugham, William Somerset  |e autor  |9 418576 
245 1 0 |a Servidumbre humana 
250 |a 7a. ed 
300 |a t 
942 |c BK 
945 |d 19980904 00:00:00  |a crobeson 
260 |a Madrid  |b Rodas  |c 1972 
650 0 |a Novelas inglesas  |9 265220 
650 0 |a Literatura inglesa  |9 312907 
583 |a last modification  |c 20160805 10:16:03  |k Rodrigo Vera 
490 0 |a Narrativa Europea 
999 |c 274714  |d 274712 
952 |0 0  |1 0  |4 0  |6 823_000000000000000_MAU_1972  |7 0  |8 A  |9 311005  |a BIBEDU  |b BIBEDU  |d 2019-11-20  |h t.2  |i 1460978  |o 823 MAU 1972  |p 1460978  |r 2019-11-20  |w 2019-11-20  |y BK  |k LIT 
952 |0 0  |1 0  |3 erb  |4 0  |6 823_000000000000000_MAU_1972  |7 0  |8 A  |9 311006  |a BIBEDU  |b BIBEDU  |h t.1  |i 5336848  |o 823 MAU 1972  |p 5336848  |r 2019-11-20  |w 2019-11-20  |y BK  |z Catalogado en:20160807  |k EPE 
952 |0 0  |1 0  |3 erb  |4 0  |6 823_000000000000000_MAU_1972  |7 0  |8 A  |9 311007  |a BIBEDU  |b BIBEDU  |h t.2  |i 5336821  |o 823 MAU 1972  |p 5336821  |r 2019-11-20  |w 2019-11-20  |y BK  |z Catalogado en:20160807  |k EPE